Übungsaufgaben zur linearen Algebra und linearen Optimierung /

Enregistré dans:
Détails bibliographiques
Auteurs principaux: Pforr, E.A (Auteur), Oelschlagel, L (Auteur), Seltmann, M.G (Auteur)
Format: Livre
Publié: Leipzig : BSB Teubner, 1989
Édition:3. Auflage
Tags: Ajouter un tag
Pas de tags, Soyez le premier à ajouter un tag!

MARC

LEADER 00000nam a22000003a 4500
001 stu46602
005 20150617225710.6
008 ------s1989----ge----------------------d
040 |a STU  |b slo 
041 0
044 |a ge 
080 |a 512.64 
100 1 |a Pforr, E.A  |4 aut 
245 1 |a Übungsaufgaben zur linearen Algebra und linearen Optimierung /  |c [aut.] Pforr,E.A.; Oelschlagel,L.; Seltmann,M.G 
250 |a 3. Auflage 
260 |a Leipzig :  |b BSB Teubner,  |c 1989 
300 |a 91 s 
700 1 |a Oelschlagel, L  |4 aut 
700 1 |a Seltmann, M.G  |4 aut 
996 |b J84581  |c J*84581/K 10  |l JJK10  |s P  |a 0  |w stu46602_0001